| 000 | 00439nam a22001337a 4500 | ||
|---|---|---|---|
| 082 |
_a344.046549 _bMAL |
||
| 100 | _aMalik, Samar Naveed | ||
| 245 |
_aManual of Environmental Protection Laws: _bwith all amendment & up to date case law / _cSamar Naveed Malik |
||
| 260 |
_aLahore : _bCapital Law Publishers, _c2023. |
||
| 300 | _a516 p. | ||
| 563 | _aHB. | ||
| 650 |
_aLaw, Environmental Protection Laws _9128061 |
||
| 942 |
_2ddc _cBK |
||
| 999 |
_c613089 _d613089 |
||